01421cam a22003497a 4500003000500000005001700005008004100022010001000063011001000073035001000083040000900093082001600102100003600118245005800154260003600212300000700248590004100255590004100296590004100337590004200378650004000420650004300460901000700503942001000510949005600520949005600576949005600632999001700688952012200705952012200827952012200949CHAP20220817041533.0971013s1822 r 00010 d a17365 a18337 a22422 cCHAP a330.972bH800aHumboldt, Alexander Von.956868 0aEnsayo político sobre el reino de la Nueva España aParis :bEn Casa de Rosa,c1822 av. aBATCH-UPDb10c20130110lUCH01h1132 aBATCH-UPDb10c20130410lUCH01h0720 aBATCH-UPDb10c20130914lUCH01h1823 aCONVERSIONb10c20130109lUCH01h131114aMéxicoxCondiciones económicas.14aMéxicoxCondiciones sociales.976730 aBK cLIBRO a330.972 H8bBCcBPPd-52499eBPPfv.2h33i22422si a330.972 H8bBCcBPPd-52500eBPPfv.3h34i22422si a330.972 H8bBCcBPPd-52502eBPPfv.4h35i22422si c17365d17365 00102ddc4051708FRaBCbBCd2019-12-31fLIBROl0o330.972 H8p-52499r2019-12-31 00:00:00tv.2w2019-12-31yLIBRO 00102ddc4051708FRaBCbBCd2019-12-31fLIBROl0o330.972 H8p-52500r2019-12-31 00:00:00tv.3w2019-12-31yLIBRO 00102ddc4051708FRaBCbBCd2019-12-31fLIBROl0o330.972 H8p-52502r2019-12-31 00:00:00tv.4w2019-12-31yLIBRO